• 首页
  • 本馆介绍
  • 公告通知
  • 最新文献
  • 馆藏检索
  • 电子资源
  • 读者导购
  • 参考咨询
  • 我的图书馆
  • 登录
  • 详细信息显示
  • 放入我的书架
  • 预约/预借图书
  • 作者相关作品
  • 分类相关作品
  • 丛书相关作品
  • 出版社相关作品

书目信息

  • 表格格式
  • 工作单格式
  • 卡片格式
题名:
智力素质教育
    
 
作者: ;国家教委中国新一代杂志社 编
分册:  
出版信息: 北京   时事出版社  1996
页数: 138页
开本: 19cm
丛书名: 素质教育理论丛书
单 册:
中图分类: G40-013
科图分类:
主题词: 智力开发--研究 , 智力开发
电子资源:
ISBN: 7-80009-365-4
000 00738oam2 2200241 450
001 1539870324
005 20150205110535.53
010    @a7-80009-365-4@dCNY7.50,CNY90.00(全套)
100    @a19971211d1996 em y0chiy0110 ea
101 0  @achi
102    @aCN@b110000
105    @ay z 000yy
200 1  @a智力素质教育@9zhi li su zhi jiao yu@f国家教委《中国新一代》杂志社编
210    @a北京@c时事出版社@d1996
215    @a138页@d19cm
225 2  @a素质教育理论丛书@v6
461  0 @12001 @a素质教育理论丛书
606 0  @a智力开发@x研究
606 0  @a智力开发
690    @aG40-013@v5
711 02 @a国家教委中国新一代杂志社@9guo jia jiao wei zhong guo xin yi dai za zhi she@4编
801  0 @aCN@bTSSF@c20150205
905    @aZUCC@dG40-013@eJY3
    
    智力素质教育/国家教委《中国新一代》杂志社编.-北京:时事出版社,1996
    138页;19cm.-(素质教育理论丛书;6)
    
    
    ISBN 7-80009-365-4:CNY7.50,CNY90.00(全套)
    
●
相关链接 在E读中查询图书 在五车中查询图书 在当当中查询图书 在豆瓣中查询图书


正题名:智力素质教育     索取号:G40-013/JY3         预约/预借

序号 登录号 条形码 馆藏地/架位号 状态 备注
1 7865740   278657400   学院路分馆/ [索取号:G40-013/JY3] 在馆    
唐山师范学院图书馆 欢迎您!
大连网信软件有限公司© 版权所有